000 00883nam a2200253 i 4500
001 000010614
003 DO-SdBNP
005 20250708144319.0
007 ta
008 091008s1993 dr 000 p spa d
040 _aDO-SdBNP
_bspa
_cBNPHU
_erda
082 4 _a242.8
_bB844v
_222
100 1 _aBretón Martínez, Freddy Antonio de Jesús,
_d1947-
_eautor
_4aut.
_911012
245 1 0 _aVoces del polvo :
_bsugerencias para el encuentro con Dios /
_cFreddy Bretón.
264 4 _aSanto Domingo :
_bEdiciones MSC,
_c©1993.
300 _a233 páginas :
_bilustraciones ;
_c19 cm.
336 _atexto
_btxt
_2rdacontent
337 _asin mediación
_bn
_2rdamedia
338 _avolumen
_bnc
_2rdacarrier
590 _aInventariado, 2018/LP
650 4 _aGrupos de oraciones
_xBautista, Iglesia Católica, Etc.
_91418
910 _aDG./Validado. Control de Calidad/ MAA
942 _2ddc
_cLBS1
999 _c52311
_d52311